[Event "Titled Tue 20th May Early"]
[Site "chess.com INT"]
[Date "2025.05.20"]
[Round "7"]
[White "Atakhan, Abtin"]
[Black "Vasilenok, Anton"]
[Result "1/2-1/2"]
[WhiteTitle "IM"]
[BlackTitle "CM"]
[WhiteElo "2410"]
[BlackElo "2137"]
[WhiteFideId "22502203"]
[BlackFideId "34133124"]
[EventDate "2025.05.20"]

1. c4 g6 2. g3 Bg7 3. Bg2 c6 4. Nc3 Nf6 5. Nf3 d5 6. cxd5 cxd5 7. d4 Ne4 8. O-O
O-O 9. Ne5 Nxc3 10. bxc3 Nc6 11. Nxc6 bxc6 12. Qa4 Qd7 13. e4 e6 14. Ba3 Rd8 15.
Rab1 a5 16. Rfe1 Ba6 17. Bc5 Bb5 18. Qc2 a4 19. Rb4 h5 20. Qd2 Bf8 21. Bxf8 Rxf8
22. Reb1 Kg7 23. Qf4 f6 24. Bf1 Ra5 25. Qd2 Rf7 26. c4 dxc4 27. Bxc4 Bxc4 28.
Rxc4 Rb5 29. Rbc1 e5 30. Rxa4 h4 31. Rac4 h3 32. Rxc6 Qxd4 33. Qxd4 exd4 34. a4
Rb4 35. R6c4 Rxc4 36. Rxc4 Rb7 37. Kf1 d3 38. Rc1 Rb4 39. Ra1 Rxe4 40. a5 d2 41.
Rd1 Ra4 42. Rxd2 Rxa5 43. Ke2 Ra1 44. f4 Rg1 45. Kf3 f5 46. Rd7+ Kh6 47. Rd8 Kh7
48. Rd2 Kg7 49. Ke3 Kh7 50. Re2 Kg7 51. Kd4 Kh6 52. Rd2 Rg2 53. Ke3 Rg1 54. Kf3
Kg7 1/2-1/2

[Event "Titled Tue 20th May Early"]
[Site "chess.com INT"]
[Date "2025.05.20"]
[Round "7"]
[White "Terry, Renato"]
[Black "Nguyen, Ngoc Truong Son"]
[Result "0-1"]
[WhiteTitle "IM"]
[BlackTitle "GM"]
[WhiteElo "2508"]
[BlackElo "2632"]
[WhiteFideId "3803457"]
[BlackFideId "12401110"]
[EventDate "2025.05.20"]

1. e4 e5 2. Nf3 Nc6 3. c3 d5 4. Qa4 dxe4 5. Nxe5 Qd5 6. Nxc6 bxc6 7. Bc4 Qd7 8.
O-O Bd6 9. d3 exd3 10. Bxd3 Ne7 11. Qc2 Qg4 12. Nd2 Qh5 13. g3 O-O 14. Re1 Bg4
15. Ne4 Ng6 16. f4 Rae8 17. Be3 Bf3 18. Nxd6 cxd6 19. Qf2 c5 20. Be2 Bxe2 21.
Qxe2 Qf5 22. Rad1 Re6 23. Qd3 Qg4 24. Qe2 Qf5 25. Qd3 Qf6 26. Bf2 Rfe8 27. Rxe6
Rxe6 28. Rd2 h5 29. Qd5 h4 30. Kg2 Nxf4+ 31. gxf4 Qxf4 32. h3 Rg6+ 33. Kf1 Rf6
34. Qa8+ Kh7 35. Qd5 g6 36. Ke1 Qh2 37. Qd3 Re6+ 38. Kd1 Qh1+ 39. Kc2 Qc6 40.
Qc4 Kg7 41. Qxh4 Re4 42. Qg3 Qa4+ 43. b3 Qxa2+ 44. Kd3 Qb1+ 45. Rc2 d5 46. Bxc5
Qd1+ 47. Rd2 Qb1+ 48. Rc2 Qf1+ 49. Kd2 Re2+ 50. Kd3 Rg2+ 51. Kd4 Rxg3 0-1

[Event "Titled Tue 20th May Early"]
[Site "chess.com INT"]
[Date "2025.05.20"]
[Round "7"]
[White "Popov, Tikhon"]
[Black "Demchenko, Anton"]
[Result "1-0"]
[WhiteTitle "CM"]
[BlackTitle "GM"]
[WhiteElo "2173"]
[BlackElo "2619"]
[WhiteFideId "24252026"]
[BlackFideId "4160258"]
[EventDate "2025.05.20"]

1. e4 e5 2. Nf3 Nc6 3. Nc3 Nf6 4. d4 exd4 5. Nxd4 Bb4 6. Nxc6 bxc6 7. Bd3 Qe7 8.
O-O O-O 9. Bg5 Qe6 10. Qf3 Ng4 11. Qg3 Ne5 12. Ne2 f6 13. Bh6 Qg4 14. Bf4 Qxg3
15. Bxg3 Rb8 16. b3 Bc5 17. Rad1 d6 18. Nc3 a5 19. Na4 Ba7 20. Kh1 Nxd3 21. cxd3
f5 22. f3 fxe4 23. dxe4 Ba6 24. Rfe1 Rbe8 25. Rc1 Bb7 26. Red1 g5 27. Be1 g4 28.
Bxa5 gxf3 29. gxf3 Rxf3 30. Bxc7 Be3 31. Bxd6 Bxc1 32. Rxc1 Bc8 33. Kg2 Re3 34.
Nc5 Re2+ 35. Kf3 Rxa2 36. Rg1+ Kf7 37. e5 Rg8 38. e6+ Bxe6 39. Rxg8 Bd5+ 40. Ke3
Kxg8 41. Kd4 Rd2+ 42. Kc3 Rd1 43. b4 Kf7 44. Be5 h5 45. Bg3 Rf1 46. Nd3 Kg6 47.
Kd4 Kf5 48. b5 Be4 49. Nc5 cxb5 50. Nxe4 b4 51. Nd6+ Kg4 52. Nc4 b3 53. Ne3+ Kf3
54. Nxf1 b2 55. Nd2+ Kg2 56. Kc3 h4 57. Bb8 Kf2 58. Kxb2 Ke2 59. Nc4 Kd3 60. Kb3
Ke4 61. Nd2+ Kd3 62. Nf3 h3 63. Ng5 Ke2 64. Nxh3 1-0

[Event "Titled Tue 20th May Early"]
[Site "chess.com INT"]
[Date "2025.05.20"]
[Round "7"]
[White "Karimova, Guldona"]
[Black "Mohammadi, Melika"]
[Result "0-1"]
[WhiteTitle "WIM"]
[BlackTitle "WFM"]
[WhiteElo "2265"]
[BlackElo "2205"]
[WhiteFideId "14210410"]
[BlackFideId "42529271"]
[EventDate "2025.05.20"]

1. e4 c6 2. d4 d5 3. Nd2 dxe4 4. Nxe4 Nf6 5. Nxf6+ exf6 6. Be3 Bd6 7. Bd3 O-O 8.
Ne2 Be6 9. c4 Na6 10. a3 b5 11. c5 Bb8 12. Qd2 Nc7 13. Bf4 Nd5 14. Bxb8 Rxb8 15.
O-O Qc7 16. Nc3 Rbd8 17. Rad1 Nf4 18. Bc2 Bd5 19. f3 Ne6 20. Qf2 Qf4 21. Ne4
Bxe4 22. fxe4 Qxf2+ 23. Rxf2 Rxd4 24. Rxd4 Nxd4 25. Rd2 Nxc2 26. Rxc2 Rd8 27.
Kf2 Kf8 28. Ke3 Ke7 29. b4 Ke6 30. a4 Rb8 31. Ra2 a6 32. axb5 axb5 33. Rd2 Rc8
34. Rd6+ Ke7 35. g4 Rc7 36. h4 Ra7 37. Rxc6 Ra4 38. Rc7+ Ke6 39. Kf4 Rxb4 40.
Rb7 g6 41. c6 f5 42. gxf5+ gxf5 43. c7 Rxe4+ 44. Kg5 Rg4+ 45. Kh5 Rc4 46. Rb6+
Ke5 47. Rxb5+ Kf4 48. Rb7 Kg3 49. Kg5 f4 50. Kf6 f3 0-1

[Event "Titled Tue 20th May Early"]
[Site "chess.com INT"]
[Date "2025.05.20"]
[Round "7"]
[White "Toroptseva, Yevheniia"]
[Black "Vaganian, Rafael A"]
[Result "0-1"]
[WhiteTitle "WFM"]
[BlackTitle "GM"]
[WhiteElo "2064"]
[BlackElo "2449"]
[WhiteFideId "34109374"]
[BlackFideId "13300016"]
[EventDate "2025.05.20"]

1. e4 e6 2. b3 d5 3. exd5 exd5 4. Bb2 Nf6 5. Nf3 Bd6 6. Be2 O-O 7. O-O Re8 8.
Re1 Nbd7 9. d3 Nf8 10. Nbd2 Ng6 11. g3 Bg4 12. Bf1 Qd7 13. Bg2 Rxe1+ 14. Qxe1
Re8 15. Qf1 Ne5 16. Re1 Nxf3+ 17. Nxf3 Rxe1 18. Qxe1 Qe6 19. Qxe6 fxe6 20. Nd4
c6 21. h3 Bd1 22. Bf3 Bxf3 23. Nxf3 Nd7 24. Kf1 h6 25. Nd4 Kf7 26. Ke2 Be5 27.
f4 Bf6 28. c3 Bxd4 29. cxd4 Nf6 30. Ba3 h5 31. Kf3 Kg6 32. g4 hxg4+ 33. hxg4 Ne8
34. Be7 Nc7 35. Bd6 Nb5 36. Be5 Nc3 37. a3 Nb1 38. Bd6 Nd2+ 39. Ke3 Nxb3 40. Bb4
a5 41. Bc3 b5 42. Bb2 b4 43. a4 Kf7 44. Ke2 c5 45. Ke3 c4 46. dxc4 dxc4 47. Ke2
c3 48. Bxc3 bxc3 49. Kd3 Nxd4 50. Kxc3 Ne2+ 51. Kc4 Nxf4 52. Kb5 e5 53. Kxa5 e4
54. Kb6 e3 55. a5 e2 56. a6 e1=Q 57. a7 Qb4+ 58. Kc7 Qc5+ 59. Kb8 Qb5+ 60. Kc8
Qa6+ 61. Kb8 Qxa7+ 62. Kxa7 Kg6 63. Kb6 Kg5 64. Kc5 Kxg4 65. Kd4 g5 66. Ke3 Kg3
67. Kd2 g4 68. Ke1 Kf3 69. Kf1 g3 70. Kg1 g2 71. Kh2 Ne2 72. Kh3 g1=Q 73. Kh4
Qg6 74. Kh3 Qg3# 0-1

[Event "Titled Tue 20th May Early"]
[Site "chess.com INT"]
[Date "2025.05.20"]
[Round "7"]
[White "Wu, Derek"]
[Black "Ghoreishi Amiri, Seyed Kian"]
[Result "1-0"]
[WhiteTitle "FM"]
[BlackTitle "CM"]
[WhiteElo "2232"]
[BlackElo "2215"]
[WhiteFideId "30914558"]
[BlackFideId "36757527"]
[EventDate "2025.05.20"]

1. e4 c6 2. d4 d5 3. e5 Bf5 4. Nf3 e6 5. Be2 Nd7 6. O-O a5 7. a4 f6 8. c4 fxe5
9. dxe5 Bc5 10. Nc3 Ne7 11. Bg5 O-O 12. Rc1 Qe8 13. Bh4 Rd8 14. cxd5 exd5 15.
Re1 Bb4 16. Nd4 Nxe5 17. Bh5 N5g6 18. Nxf5 Rxf5 19. Qg4 Qf7 20. Bxe7 Rf4 21.
Bxg6 hxg6 22. Qg3 Bxe7 23. Rxe7 Qxe7 24. Qxf4 Rf8 25. Qg3 Qf6 26. h3 Qf5 27. Re1
Kh7 28. Qe5 Qf7 29. Nd1 Kg8 30. f3 Kh7 31. Nf2 c5 32. Ng4 b6 33. Qe6 Qc7 34. Ne5
Rf6 35. Qxd5 Qe7 36. Qe4 Re6 37. f4 Kg8 38. Rd1 Kh7 39. Rd5 Qe8 40. Qd3 Qf8 41.
Nf3 Qxf4 42. Ng5+ Kh6 43. Nxe6 Qc1+ 44. Kh2 Kh7 45. Ng5+ Kh6 46. Qg3 Qc4 47.
Nf7+ Kh7 48. Rd7 Qxa4 49. Ne5 Qe4 50. Rc7 a4 51. Rc8 Qf5 52. Rc7 Qe4 53. Nf3 c4
54. Ng5+ Kh6 55. Nxe4 a3 56. Qh4# 1-0

[Event "Titled Tue 20th May Early"]
[Site "chess.com INT"]
[Date "2025.05.20"]
[Round "7"]
[White "Yanev, Tihomir"]
[Black "Manvelyan, Mikayel"]
[Result "1-0"]
[WhiteTitle "IM"]
[BlackTitle "FM"]
[WhiteElo "2354"]
[BlackElo "2362"]
[WhiteFideId "2910110"]
[BlackFideId "13310143"]
[EventDate "2025.05.20"]

1. e4 c5 2. Nf3 d6 3. c3 Nf6 4. Bd3 g6 5. h3 Bg7 6. O-O O-O 7. Bc2 b5 8. d4 Bb7
9. Re1 cxd4 10. cxd4 Nc6 11. a3 Rc8 12. Nc3 a6 13. Bg5 h6 14. Be3 Na5 15. Bd3
Nc4 16. Bxc4 Rxc4 17. Nd2 Rc8 18. Rc1 e5 19. d5 Nd7 20. b4 f5 21. f3 f4 22. Bf2
Bf6 23. Nb3 Bh4 24. Bxh4 Qxh4 25. Na5 Ba8 26. Qe2 Rc7 27. Qf2 Qe7 28. Ne2 Rfc8
29. Rxc7 Rxc7 30. Rc1 Qd8 31. Qe1 g5 32. Rxc7 Qxc7 33. Qc3 Qxc3 34. Nxc3 Nb6 35.
h4 Kf7 36. Kh2 Kg6 37. g3 fxg3+ 38. Kxg3 Kh5 39. hxg5 hxg5 40. Nd1 Na4 41. Ne3
Nc3 42. Nf5 Ne2+ 43. Kf2 Nf4 44. Nxd6 g4 45. Ne8 Kg6 46. Nc7 Nd3+ 47. Kg3 gxf3
48. Kxf3 Ne1+ 49. Ke2 Nc2 50. Nxa8 Nxa3 51. Nc7 Kf7 52. d6 Nc2 53. Nxa6 Ke6 54.
Kd3 Nd4 55. Nb7 Nc6 56. Nac5+ Kf7 57. Kc3 Ke8 58. d7+ Ke7 59. d8=Q+ Nxd8 60.
Nxd8 Kxd8 61. Nd3 Kd7 62. Nxe5+ Kd6 63. Nd3 Ke6 64. Kd4 1-0

[Event "Titled Tue 20th May Early"]
[Site "chess.com INT"]
[Date "2025.05.20"]
[Round "7"]
[White "Burmakin, Vladimir"]
[Black "Chogdov, Munkhbat"]
[Result "0-1"]
[WhiteTitle "GM"]
[BlackTitle "FM"]
[WhiteElo "2435"]
[BlackElo "2238"]
[WhiteFideId "4105109"]
[BlackFideId "13200860"]
[EventDate "2025.05.20"]

1. c4 e5 2. g3 Nc6 3. Bg2 Bc5 4. Nc3 d6 5. e3 Nge7 6. Nge2 Bb6 7. a3 a5 8. Rb1
Bg4 9. h3 Bh5 10. d3 O-O 11. O-O Qd7 12. b4 f5 13. b5 Nd8 14. Qc2 Kh8 15. d4 Bg6
16. f4 e4 17. a4 Ne6 18. Kh2 Bh5 19. Ba3 Ba7 20. Nd1 c6 21. b6 Bb8 22. Nf2 d5
23. cxd5 cxd5 24. Rfc1 Bd6 25. Bxd6 Qxd6 26. Nc3 Nc6 27. Nb5 Qd7 28. Qc5 Nxc5
29. Rxc5 Rfc8 30. Nc7 Rxc7 31. bxc7 Qxc7 32. Rxd5 Bf3 33. Bf1 Nb4 34. Rc5 Qd7
35. Bb5 Qf7 36. Rbc1 h6 37. Bc4 Qe8 38. Bb5 Qd8 39. Rxf5 Nd3 40. Nxd3 exd3 41.
Bxd3 Rc8 42. Rfc5 Rxc5 43. Rxc5 Bc6 44. Bb5 Bxb5 45. Rxb5 Qe7 46. Re5 Qa3 47. d5
Qxa4 48. g4 Qc2+ 49. Kg3 Qd2 50. e4 Qe3+ 51. Kg2 Qxf4 52. Re6 a4 53. d6 Qf7 54.
Re7 Qa2+ 55. Kf3 Qd2 56. d7 Kh7 57. e5 Qd5+ 0-1

[Event "Titled Tue 20th May Early"]
[Site "chess.com INT"]
[Date "2025.05.20"]
[Round "7"]
[White "Chen, Yidong"]
[Black "Bahmani, Koorosh"]
[Result "0-1"]
[BlackTitle "CM"]
[WhiteElo "2038"]
[BlackElo "2208"]
[WhiteFideId "8607028"]
[BlackFideId "42576750"]
[EventDate "2025.05.20"]

1. e4 c6 2. d4 d5 3. e5 Bf5 4. Nf3 e6 5. Be2 Nd7 6. O-O a5 7. a4 f6 8. Bf4 fxe5
9. Nxe5 Ngf6 10. Nd2 Be7 11. Bh5+ g6 12. Be2 O-O 13. Bh6 Re8 14. g4 Nxe5 15.
dxe5 Nxg4 16. Bxg4 Bg5 17. Bxf5 Bxh6 18. Bg4 Bf4 19. Nf3 Qe7 20. Qd3 Kh8 21. Kh1
h5 22. Bh3 g5 23. Qg6 Qh7 24. Qf6+ Qg7 25. Bg2 g4 26. Nd4 Bxe5 27. Qxg7+ Kxg7
28. c3 Bxd4 29. cxd4 e5 30. dxe5 Rxe5 31. f4 Re2 32. b3 Rae8 33. Rab1 Ra2 34.
Kg1 Ree2 35. Bh1 Kf6 36. Rfe1 Rxe1+ 37. Rxe1 Rb2 38. Re3 Kf5 39. Re5+ Kxf4 40.
Rxh5 Rxb3 41. Bxd5 cxd5 42. Rxd5 b6 43. Kf2 Rb2+ 44. Kg1 Ra2 45. Rb5 Rxa4 46.
Rxb6 Rb4 47. Ra6 a4 48. Ra8 Rb1+ 49. Kg2 Ra1 50. Rf8+ Kg5 51. Rg8+ Kf5 52. Rf8+
Ke6 53. Re8+ Kd7 54. Rg8 a3 55. Rxg4 Kc6 56. Ra4 Kb5 57. Ra8 Kb4 58. Rb8+ Kc3
59. Ra8 Kb2 60. h4 Rd1 61. Kg3 Rd4 62. h5 a2 0-1

[Event "Titled Tue 20th May Early"]
[Site "chess.com INT"]
[Date "2025.05.20"]
[Round "7"]
[White "Dawda Vihaan"]
[Black "Hehir, Michael"]
[Result "1-0"]
[WhiteTitle "CM"]
[WhiteElo "2227"]
[BlackElo "2009"]
[WhiteFideId "25681834"]
[BlackFideId "2047411"]
[EventDate "2025.05.20"]

1. e4 c5 2. d4 cxd4 3. Qxd4 Nc6 4. Qd3 g6 5. Nc3 Bg7 6. Nf3 d6 7. Be2 Nf6 8. O-O
O-O 9. Nd5 Nxd5 10. exd5 Ne5 11. Nxe5 Bxe5 12. c3 Bf5 13. Qd1 Qb6 14. a4 a5 15.
Bb5 Qc7 16. Re1 Bd7 17. Bf1 Rac8 18. Bg5 Rfe8 19. f4 Qb6+ 20. Kh1 Bf6 21. Qd2
Bxg5 22. fxg5 e5 23. dxe6 Bxe6 24. Bb5 Red8 25. Qf4 Rc5 26. Qf6 Rf5 27. Qe7 d5
28. Bd3 Rf2 29. b4 axb4 30. cxb4 Qd6 31. Qxd6 Rxd6 32. a5 d4 33. b5 Bd5 34. Rg1
Rd2 35. Ra3 Re6 36. a6 bxa6 37. bxa6 Re3 38. a7 Rexd3 39. a8=Q+ Bxa8 40. Rxa8+
Kg7 41. Ra7 Rf2 42. Rd7 Rdd2 43. h4 d3 44. Kh2 h6 45. Kh3 hxg5 46. hxg5 Rf5 47.
Kh4 Rf4+ 48. Kg3 Rf5 49. Kh4 Rf4+ 50. Kh3 Rf5 51. g4 Rf3+ 52. Rg3 Rxg3+ 53. Kxg3
Rd1 54. Kf2 d2 55. Ke2 Rg1 56. Kxd2 Rxg4 57. Rd5 Kh7 58. Ke3 Kg7 59. Kf3 Rg1 60.
Kf4 f5 61. Rd7+ Kf8 62. Ke5 Ke8 63. Ra7 Rxg5 64. Ke6 Kd8 65. Kf6 Rg1 66. Ke6 f4
67. Kd6 Kc8 68. Rf7 g5 69. Ke5 Kd8 70. Ke4 1-0

[Event "Titled Tue 20th May Early"]
[Site "chess.com INT"]
[Date "2025.05.20"]
[Round "7"]
[White "Nguyen Thien Ngan"]
[Black "Ismagilov, Damir"]
[Result "1/2-1/2"]
[WhiteTitle "WIM"]
[BlackTitle "CM"]
[WhiteElo "1998"]
[BlackElo "2173"]
[WhiteFideId "12414816"]
[BlackFideId "34199982"]
[EventDate "2025.05.20"]

1. e4 c5 2. Nf3 e6 3. d4 cxd4 4. Nxd4 Nf6 5. Nc3 Nc6 6. Nxc6 bxc6 7. e5 Nd5 8.
Ne4 Qc7 9. f4 Qb6 10. c3 f5 11. exf6 Nxf6 12. Nxf6+ gxf6 13. Qh5+ Kd8 14. f5 Qc5
15. Bd3 Rg8 16. Qf7 Rxg2 17. Qxf6+ Be7 18. Qh8+ Kc7 19. Bf4+ Bd6 20. Bxd6+ Qxd6
21. O-O-O Qf4+ 22. Kb1 Qf2 23. Qe5+ d6 24. Qa5+ Qb6 25. Qxb6+ axb6 26. Rdg1
Rxg1+ 27. Rxg1 exf5 28. Rg7+ Kb8 29. Rxh7 Ra7 30. Rh6 Rf7 31. Rxd6 Kc7 32. Rg6
f4 33. Rg2 Be6 34. a3 b5 35. Kc2 Bd5 36. Rf2 Kd6 37. b3 Kc5 38. h4 Rf6 39. h5 f3
40. b4+ Kd6 41. Kd2 Bf7 42. Rh2 Rh6 43. Ke3 Bxh5 44. Be4 Kc7 45. Bxf3 Re6+ 46.
Be4 Bg6 47. Rh4 Bxe4 48. Rxe4 Rh6 49. Kd4 Kb6 50. c4 bxc4 51. Kxc4 Rh1 52. a4
Rc1+ 53. Kb3 Rb1+ 54. Kc3 Rc1+ 55. Kb2 Rf1 56. Re2 Rf4 57. Kc3 Rf1 58. Rd2 Rc1+
59. Kb2 Rf1 60. Rh2 Rf4 61. Kb3 Rf3+ 62. Kb2 Rf4 63. Kb3 Rf3+ 64. Kc4 Rf4+ 65.
Kc3 Rf3+ 66. Kb2 Rf4 1/2-1/2

[Event "Titled Tue 20th May Early"]
[Site "chess.com INT"]
[Date "2025.05.20"]
[Round "7"]
[White "Azadaliyev, Jahandar"]
[Black "Aarav Sinha"]
[Result "1-0"]
[WhiteTitle "FM"]
[BlackTitle "FM"]
[WhiteElo "2290"]
[BlackElo "2255"]
[WhiteFideId "13425811"]
[BlackFideId "25674064"]
[EventDate "2025.05.20"]

1. d4 Nf6 2. Nf3 d5 3. g3 e6 4. Bg2 c5 5. O-O Nc6 6. c4 dxc4 7. Qa4 Bd7 8. Qxc4
b5 9. Qc3 b4 10. Qd3 Rc8 11. Nbd2 cxd4 12. Nxd4 Nxd4 13. Qxd4 Bc5 14. Qh4 O-O
15. Nc4 Nd5 16. Bg5 f6 17. Bd2 Be7 18. Rac1 Nb6 19. Rfd1 Nxc4 20. Rxc4 f5 21.
Qd4 Bb5 22. Qxd8 Rcxd8 23. Rc7 Bf6 24. Rc2 Bxe2 25. Re1 Bd3 26. Rc7 a5 27. Rxe6
Bxb2 28. Bg5 Rc8 29. Ree7 Rxc7 30. Bd5+ Kh8 31. Rxc7 Bc3 32. h4 a4 33. h5 b3 34.
axb3 a3 35. Ra7 Bb1 36. Be7 Re8 37. Bxa3 Bd4 38. Rd7 Bf6 39. Bc5 Be4 40. Be3
Bxd5 41. Rxd5 g6 42. h6 Rb8 43. Rd6 Kg8 44. Rxf6 Rxb3 45. Bc5 Rb8 46. Re6 Rc8
47. Bd4 Kf7 48. Rf6+ Ke7 49. Ra6 Rc4 50. Ra7+ Kf8 51. Be3 Kg8 52. Rg7+ Kh8 53.
Kg2 Rc2 54. Bg5 Rc6 55. Re7 Kg8 56. Bf4 Rc5 57. Rc7 Rd5 58. Be3 1-0

[Event "Titled Tue 20th May Early"]
[Site "chess.com INT"]
[Date "2025.05.20"]
[Round "7"]
[White "Mitrabha, Guha"]
[Black "Niemann, Hans Moke"]
[Result "1-0"]
[WhiteTitle "GM"]
[BlackTitle "GM"]
[WhiteElo "2515"]
[BlackElo "2736"]
[WhiteFideId "5057000"]
[BlackFideId "2093596"]
[EventDate "2025.05.20"]

1. c4 e5 2. g3 Be7 3. Bg2 f5 4. Nc3 d6 5. d3 Nf6 6. b4 O-O 7. b5 a6 8. bxa6 Nxa6
9. Nf3 c6 10. O-O Qe8 11. a4 Qh5 12. e3 Be6 13. Ba3 Nd7 14. Rb1 Ra7 15. Nd2 Qxd1
16. Rfxd1 Nac5 17. d4 Nxa4 18. Nxa4 Rxa4 19. Rxb7 Rb8 20. Bxc6 Rxa3 21. Bxd7
Rxb7 22. Bxe6+ Kf8 23. dxe5 g6 24. exd6 Bxd6 25. Nf3 Bc5 26. Ne5 Ke7 27. Bd5
Rbb3 28. Bg8 Rb7 29. Bxh7 Ke6 30. Rd5 Bxe3 31. Bg8+ Kf6 32. fxe3 Rb2 33. Rd6+
Kg7 34. Rxg6+ Kf8 35. Rf6+ Kxg8 36. Rxf5 Raa2 37. Ng4 Kg7 38. Rf2 Rxf2 39. Nxf2
Re2 40. e4 Kf6 41. Kg2 Rc2 42. Kf3 Rxc4 43. Kf4 Rc2 44. Ng4+ Kg6 45. h4 Ra2 46.
Ne5+ Kh5 47. Nf3 Rg2 48. e5 Kg6 49. g4 Rf2 50. h5+ Kg7 51. Ke4 Rg2 52. Kf4 Rf2
53. g5 Rf1 54. Kg4 Rh1 55. e6 Ra1 56. h6+ Kh7 57. Ne5 Rg1+ 58. Kf4 Rf1+ 59. Ke4
Kg8 60. e7 1-0

[Event "Titled Tue 20th May Early"]
[Site "chess.com INT"]
[Date "2025.05.20"]
[Round "7"]
[White "Lyutsinger, Iren"]
[Black "Bozorov, Javohir"]
[Result "0-1"]
[WhiteTitle "FM"]
[BlackTitle "FM"]
[WhiteElo "2266"]
[BlackElo "2093"]
[WhiteFideId "34425969"]
[BlackFideId "14216957"]
[EventDate "2025.05.20"]

1. e4 c5 2. Nf3 d6 3. d4 cxd4 4. Nxd4 Nf6 5. Nc3 g6 6. f3 Bg7 7. Be3 O-O 8. Qd2
a6 9. O-O-O b5 10. Bh6 Qa5 11. Kb1 b4 12. Nce2 Bd7 13. h4 Nc6 14. Nxc6 Bxc6 15.
h5 Rfc8 16. Nd4 Bxe4 17. Bxg7 Kxg7 18. fxe4 Nxe4 19. Qe3 Qe5 20. Ka1 Ng3 21.
Qxe5+ dxe5 22. Rh3 Nxf1 23. Nb3 Rxc2 24. Rxf1 Rxg2 25. h6+ Kf8 26. Nc5 f6 27.
Rd1 Rc8 28. Nd3 Rcc2 29. Rb1 a5 30. Re3 Rh2 31. Ne1 Rce2 32. Rxe2 Rxe2 33. Nd3
e4 34. Nc5 Kf7 35. Rd1 f5 36. Kb1 g5 37. Kc1 g4 38. Rd2 Rxd2 39. Kxd2 Kg6 40.
Ke3 Kxh6 41. Kf4 Kg6 42. Nb3 a4 43. Nc5 a3 44. bxa3 bxa3 45. Nd7 h5 46. Ne5+ Kf6
47. Nd7+ Kg6 48. Ne5+ Kf6 49. Nd7+ Ke6 50. Nf8+ Kd5 51. Ng6 Kd4 52. Nxe7 Kc3 53.
Nxf5 Kb2 54. Kxe4 Kxa2 55. Kd3 Kb2 56. Nd6 a2 57. Nc4+ Kc1 0-1

[Event "Titled Tue 20th May Early"]
[Site "chess.com INT"]
[Date "2025.05.20"]
[Round "7"]
[White "Zlatin, Alexander"]
[Black "Nimmy, A.G."]
[Result "0-1"]
[WhiteTitle "FM"]
[BlackTitle "WIM"]
[WhiteElo "2306"]
[BlackElo "1990"]
[WhiteFideId "2810549"]
[BlackFideId "5015308"]
[EventDate "2025.05.20"]

1. e4 c5 2. b4 cxb4 3. a3 b3 4. Nc3 bxc2 5. Qxc2 Nc6 6. Nf3 e6 7. d4 d5 8. exd5
exd5 9. Bd3 Nf6 10. O-O Be7 11. Bg5 h6 12. Bh4 O-O 13. Rfe1 Be6 14. Bf5 Qd7 15.
Bxe6 fxe6 16. Qg6 Rae8 17. Re3 Bd6 18. Ne5 Bxe5 19. dxe5 Nh7 20. Rg3 Kh8 21. Re1
Rf5 22. Qg4 Qf7 23. Rh3 Nxe5 24. Qa4 Nc6 25. Nb5 Rf4 26. Qc2 Rf8 27. Bg3 Rc4 28.
Qd3 Ra4 29. Nd6 Qd7 30. Rb1 Rd4 31. Qe3 Nf6 32. f3 e5 33. Rxb7 Rd1+ 34. Kf2 Ng4+
35. Ke2 Qxb7 36. Nxb7 Nxe3 37. Kxe3 d4+ 38. Ke4 Rb1 39. Nd6 Re1+ 40. Kd5 Ne7+
41. Ke6 Rc1 42. Kxe7 d3 43. Kxf8 d2 44. Nf7+ Kh7 45. Bxe5 d1=Q 46. Rg3 Rc8+ 47.
Ke7 Rg8 48. f4 Qd5 49. f5 Qb7+ 50. Ke6 Re8+ 51. Kd6 Qxf7 52. Re3 Qxf5 53. g4
Qe6+ 54. Kc5 Qxe5+ 55. Rxe5 Rxe5+ 56. Kc6 Re2 57. a4 Rxh2 58. a5 Rg2 59. g5 Rg4
60. gxh6 gxh6 61. a6 Ra4 62. Kb7 Rxa6 63. Kxa6 h5 64. Kxa7 h4 65. Kb6 h3 66. Kc5
h2 67. Kd6 h1=Q 68. Ke5 Qh5+ 69. Kf6 Qh6+ 70. Ke7 Qg7+ 71. Ke8 Kg6 72. Kd8 Kf6
73. Kc8 Ke6 74. Kb8 Kd6 75. Kc8 Qc7# 0-1

[Event "Titled Tue 20th May Early"]
[Site "chess.com INT"]
[Date "2025.05.20"]
[Round "7"]
[White "Lissillour, Baptiste"]
[Black "Erece, Ece Alkim"]
[Result "1-0"]
[BlackTitle "WCM"]
[WhiteElo "2318"]
[BlackElo "1843"]
[WhiteFideId "45179620"]
[BlackFideId "6346006"]
[EventDate "2025.05.20"]

1. e4 c6 2. Nf3 d5 3. Nc3 dxe4 4. Nxe4 Nf6 5. Qe2 Nxe4 6. Qxe4 Nd7 7. Bc4 e6 8.
d4 Nf6 9. Qe2 a6 10. O-O b5 11. Bd3 Bb7 12. a4 Bd6 13. Rd1 O-O 14. Bg5 h6 15.
Bh4 Be7 16. Ne5 Qc7 17. c3 c5 18. axb5 axb5 19. Rxa8 Rxa8 20. dxc5 Qxc5 21. Bxb5
Rb8 22. Bxf6 Bxf6 23. Nd7 Qg5 24. f3 Ra8 25. Nxf6+ gxf6 26. Bd3 Rb8 27. b4 Rc8
28. c4 Kg7 29. c5 Bd5 30. Be4 Bb3 31. Rb1 Ba4 32. h3 Qe5 33. Bd3 Qd4+ 34. Kh1
Rb8 35. Qe4 Qxe4 36. Bxe4 f5 37. Bd3 Kf6 38. b5 Ke5 39. Rb4 Bd1 40. Kg1 Ra8 41.
b6 Kd5 42. Bb5 Kxc5 43. b7 Rb8 44. Rb1 Bc2 45. Rc1 Kxb5 46. Rxc2 Rxb7 47. Kh2
Kb6 48. Kg3 Rc7 49. Rd2 Rc4 50. Rd7 f6 51. Rf7 f4+ 52. Kg4 f5+ 53. Kh5 Rc6 54.
Kxh6 Kc5 55. Kg5 Kd5 56. Kxf4 Rc4+ 57. Kg5 Rc2 58. Rd7+ Ke5 59. g4 Rf2 60. gxf5
exf5 61. f4+ Ke4 62. Re7+ Kf3 63. Kxf5 Kg3 64. Kg5 Kxh3 65. f5 Rg2+ 66. Kf6 Kg4
67. Rg7+ Kf3 68. Rxg2 Kxg2 69. Ke7 Kf3 70. f6 Ke4 71. f7 Kd5 72. f8=Q Kc6 73.
Qd8 1-0

[Event "Titled Tue 20th May Early"]
[Site "chess.com INT"]
[Date "2025.05.20"]
[Round "7"]
[White "Paravyan, David"]
[Black "Hayrapetyan, Edgar"]
[Result "1/2-1/2"]
[WhiteTitle "GM"]
[BlackTitle "FM"]
[WhiteElo "2596"]
[BlackElo "2161"]
[WhiteFideId "4194985"]
[BlackFideId "13313568"]
[EventDate "2025.05.20"]

1. e4 e6 2. Qe2 c5 3. b3 Nc6 4. Bb2 d6 5. Nf3 e5 6. Qe3 Nf6 7. Bb5 Be7 8. O-O
O-O 9. Bxc6 bxc6 10. d3 a5 11. Nc3 Ng4 12. Qe2 f5 13. exf5 Bxf5 14. h3 Nf6 15.
Rae1 Nd5 16. Nxd5 cxd5 17. Nh2 a4 18. b4 cxb4 19. f4 Bh4 20. fxe5 Bxe1 21. Rxe1
Qb6+ 22. Kh1 Rae8 23. Nf3 dxe5 24. Bxe5 b3 25. axb3 axb3 26. cxb3 Qxb3 27. Ra1
Qxd3 28. Ra7 Rf7 29. Qa2 Qb1+ 30. Qxb1 Bxb1 31. Ra3 Be4 32. Bd4 Bxf3 33. gxf3
Rf4 34. Rd3 Re2 35. Kg1 Rc2 36. Kf1 Rh4 37. Be5 Rxh3 38. Kg1 h6 39. Rb3 Kf7 40.
Bd4 Rh4 41. Rb7+ Ke6 42. Rb6+ Kd7 43. Bxg7 Ra4 44. Be5 Raa2 45. Rb1 Rg2+ 46. Kh1
Rge2 47. Bd4 h5 48. f4 Ke6 49. Rg1 h4 50. Rf1 h3 51. Bg1 Rg2 52. f5+ Kf7 53. f6
d4 54. Rd1 Rad2 55. Ra1 Kxf6 56. Bxd4+ Rxd4 57. Ra6+ Kg5 58. Rg6+ Kh4 59. Rh6+
Kg3 60. Rxh3+ Kf2 61. Rf3+ Ke2 62. Kxg2 Rg4+ 63. Rg3 Rxg3+ 64. Kxg3 1/2-1/2